000 00446nam a22001697a 4500
003 CEME
005 20210628210528.0
008 210209b xxu||||| |||| 00| 0 eng d
040 _c.
082 _a355.33041 MAL
100 _aMalone, Dandridge. M. Col
_979817
245 _aSmall unit leadership a commonsense approach
260 _aRAWALPINDI
_bARMY EDUCATION PRESS
_c2000
300 _a170P
650 _aLEADERSHIP
_9300
942 _cBK
_2ddc
999 _c584809
_d584809